Observaciones sobre la venta de las minas de Riotinto autorizada por el art. 5º de la Ley de 23 de marzo de 1870 / (Record no. 159948)

MARC details
000 -LEADER
campo de control de longitud fija 01002nam a22002055i 4500
001 - NÚMERO DE CONTROL
campo de control 159948
003 - IDENTIFICADOR DE NÚMERO DE CONTROL
campo de control ES-MaACL
005 - FECHA Y HORA DE LA ÚLTIMA TRANSACCIÓN
campo de control 20230906211905.0
008 - DATOS DE LONGITUD FIJA--INFORMACIÓN GENERAL
campo de control de longitud fija 040915s1870 sp |||| | spa d
080 ## - NÚMERO DE LA CLASIFICACIÓN DECIMAL UNIVERSAL
Número de la Clasificación Decimal Universal 622
100 1# - ENTRADA PRINCIPAL--NOMBRE DE PERSONA
Nombre de persona Monasterio y Correa, José de.
9 (RLIN) 130045
245 10 - MENCIÓN DEL TÍTULO
Título Observaciones sobre la venta de las minas de Riotinto autorizada por el art. 5º de la Ley de 23 de marzo de 1870 /
Mención de responsabilidad, etc. por... José de Monasterio y Correa.
260 ## - PUBLICACIÓN, DISTRIBUCIÓN, ETC.
Lugar de publicación, distribución, etc. Madrid :
Nombre del editor, distribuidor, etc. [s.n.],
Fecha de publicación, distribución, etc. 1870 (
Fabricante Imp. de J.M. Lapuente)
300 ## - DESCRIPCIÓN FÍSICA
Extensión 46 p. ;
Dimensiones 20 cm.
530 ## - NOTA DISPONIBLE DE FORMULARIO FÍSICO ADICIONAL
Nota de formato físico adicional disponible Disponible en formato digital.
650 #4 - PUNTO DE ACCESO ADICIONAL DE MATERIA--TÉRMINO DE MATERIA
Término de materia o nombre geográfico como elemento de entrada Minas de cobre-
Subdivisión geográfica Minas de Riotinto.
9 (RLIN) 149170
852 4# - LOCALIZACIÓN
Ubicación ES-MaACL
Número de control de estantería T-115-F-4
Nota libre - Enc. hol., falto de cub. original
-- - Enc. en un vol. facticio
852 4# - LOCALIZACIÓN
Ubicación ES-MaACL
Número de control de estantería T-1292-F-9
Nota libre - Enc. hol., falto de cub. original
-- - Enc. en un vol. facticio
-- - Dedicatoria ms. del autor a Laureano Figuerola
856 4# - LOCALIZACIÓN Y ACCESO ELECTRÓNICOS
Identificador Uniforme de Recursos <a href="http://bdh-rd.bne.es/viewer.vm?id=0000072720&page=1 ">http://bdh-rd.bne.es/viewer.vm?id=0000072720&page=1 </a>
Nota pública Biblioteca Digital Hispánica
Holdings
Estatus retirado Estado de pérdida Estado de daño No para préstamo Colección Biblioteca de origen Biblioteca actual Ubicación en estantería Fecha de adquisición Total de préstamos Signatura topográfica completa Código de barras Visto por última vez Precio de reemplazo Tipo de ítem Koha
        Colección de folletos Biblioteca del Ateneo de Madrid Biblioteca del Ateneo de Madrid Depósito folletos 17/01/2008   T-1292-F-9 1167450 23/02/2023 23/02/2023 Folleto
        Colección de folletos Biblioteca del Ateneo de Madrid Biblioteca del Ateneo de Madrid Depósito folletos 17/01/2008   T-115-F-4 1167449 23/02/2023 23/02/2023 Folleto